Catalog

Record Details

Catalog Search



Naši furianti : [obraz života v české vesnici o čtyřech dějstvích]  Cover Image Book Book

Naši furianti : [obraz života v české vesnici o čtyřech dějstvích] / Ladislav Stroupežnický

Record details

  • ISBN: 80-86216-50-0
  • Physical Description: 90 s. ; 19 cm
  • Edition: V nakl. Artur vyd. 1.
  • Publisher: Praha : Artur, 2005
Genre: česká dramata
Czech drama

Available copies

  • 1 of 1 copy available at Common Catalog SPOK.

Holds

  • 0 current holds with 1 total copy.
Show All Copies
Location Call Number / Copy Notes Barcode Shelving Location Status Due Date
KDS Library 820 DH StL 204576801654 Library Available -

LDR 01030nam a2200325 a 4500
00121274
003CZ-PrJAB
00520150714065524.0
007ta
008050510s2005 xr g 000 d cze
015 . ‡acnb001534402
020 . ‡a80-86216-50-0 ‡q(brož.)
035 . ‡a(CZ PrNK)nkc20051534402
035 . ‡a(OCoLC)85153514
040 . ‡aBOA001 ‡bcze ‡dOLA001 ‡dABA001
072 7. ‡a821.162.3-2 ‡xČeské drama ‡2Konspekt ‡925
080 . ‡a821.162.3-2 ‡2MRF
080 . ‡a(0:82-2) ‡2MRF
1001 . ‡aStroupežnický, Ladislav, ‡d1850-1892 ‡7jk01121504 ‡4aut
24510. ‡aNaši furianti : ‡b[obraz života v české vesnici o čtyřech dějstvích] / ‡cLadislav Stroupežnický
250 . ‡aV nakl. Artur vyd. 1.
260 . ‡aPraha : ‡bArtur, ‡c2005
300 . ‡a90 s. ; ‡c19 cm
4901 . ‡aEdice D ; ‡vsv. 19
655 7. ‡ačeská dramata ‡7fd133957 ‡2czenas
655 9. ‡aCzech drama ‡2eczenas
830 0. ‡aD (Artur)
910 . ‡aABE463
9281 . ‡aNakladatelství Artur
998 . ‡a001534402
901 . ‡a21274 ‡b ‡c21274 ‡tbiblio

Additional Resources